Joueurs ivoiriens ayant joué à l'OM - Statistiques

Statistiques générales
  • Ce quiz a été pris 13 fois
  • Le résultat moyen est 4 sur 14
Statistiques - réponses
Année d'arrivée Année de départ Club précédant Club suivant Nombre de match Joueurs % Correct
2025 En cours AFC Bournemouth En cours 19 Hamed Traoré
69%
2003 2004 EA Guingamp Chelsea FC 55 Didier Drogba
62%
2024 2025 RC Lens Eintracht Francfort 14 Elye Wahi
62%
2000 2006 Red Star FC Bolton Wanderers 156 Abdoulaye Meïté
38%
2023 2025 FC Lorient Montpellier Hérault SC 28 Bamo Meïté
38%
2014 2016 Thonon Evian Grand Genève FC FC Watford 70 Brice Dja Djédjé
31%
2022 2023 Manchester United Manchester United 23 Eric Bailly
31%
2008 2010 OGC Nice Al-Duhail SC 80 Bakari Koné
23%
1997 1999 FC Girondins de Bordeaux Inter Milan 71 Cyril Domoraud
15%
1999 2003 FC Everton CA Osasuna 136 Ibrahima Bakayoko
15%
2008 2008 RC Lens RC Lens 22 Kanga Akalé
8%
1994 1996 US Marseille Endoume Sans club 30 Didier Wacouboué
0%
1973 1975 USLL 1er Canton Sporting Club de Toulon 30 Jean-Désiré Sikely
0%
1998 1999 ASEC Mimosas AS Saint-Etienne 4 Tchiressoua Guel
0%
Aucun quiz correspondant
Distribution des résultats
% des personnes avec chaque résultat
Percentile par nombre de réponses
Votre historique - résultats
Vous n’avez pas pris ce quiz